000 00457cam a2200181 4500
001 D8102
008 090401t1982 xxu||||| |||| 00| 0 eng d
035 _a(Sirsi) u11184
041 _aeng
050 _a336.21
110 _aRating and Valuation Association
_91873
245 _aContractor`s basis of valuation: report of a Research Group
260 _aLondon
_bRVA
_c1982
300 _a91p. 21cm
350 _a5.25
942 _n0
948 _c04/03/1997
999 _c86825
_d86825